000 00276nam a22001097a 4500
008 240326b |||||||| |||| 00| 0 eng d
100 _aMarlowe, christopher
_910041
245 _aTamburlaine The Great
260 _bMethan & Co.
_c1964.
_aLondon,
300 _a271p.
942 _cBK
999 _c39103
_d39103